GMAT roadmap : expert advice through test day : GMAT strategy guide (Record no. 591066)

000 -LEADER
fixed length control field 00427nam a22001577a 4500
003 - CONTROL NUMBER IDENTIFIER
control field NUST
005 - DATE AND TIME OF LATEST TRANSACTION
control field 20220816145226.0
008 - FIXED-LENGTH DATA ELEMENTS--GENERAL INFORMATION
fixed length control field 220816b ||||| |||| 00| 0 eng d
038 ## - RECORD CONTENT LICENSOR
Staff Name Azhar
082 ## - DEWEY DECIMAL CLASSIFICATION NUMBER
Classification number 650.076
Author Mark MAN
245 ## - TITLE STATEMENT
Title GMAT roadmap : expert advice through test day : GMAT strategy guide
Statement of responsibility, etc. Manhattan Prep
250 ## - EDITION STATEMENT
Edition statement 6th edition
260 ## - PUBLICATION, DISTRIBUTION, ETC.
Place of publication, distribution, etc. New York
Name of publisher, distributor, etc. Manhattan Prep
Date of publication, distribution, etc. 2014
300 ## - PHYSICAL DESCRIPTION
Extent 240p
942 ## - ADDED ENTRY ELEMENTS (KOHA)
Source of classification or shelving scheme
Koha item type Lincoln Corner
Holdings
Withdrawn status Lost status Source of classification or shelving scheme Damaged status Not for loan Permanent Location Current Location Shelving location Date acquired Total Checkouts Full call number Barcode Date last seen Date last checked out Price effective from Koha item type
          Central Library (CL) Central Library (CL) Lincoln Corner 08/16/2022 1 650.076 MAN LC-221 11/29/2024 11/28/2024 08/16/2022 Reference
© 2023 Central Library, National University of Sciences and Technology. All Rights Reserved.